000 00820cam a2200241 4500
001 ABS61319
008 000000n1999 000 0 eng u
035 _a(Sirsi) u100595
100 _aBrewer, G.
245 _aInsurance: who benefits?
260 _c1999
490 _aContract Journal
_v400(6245) 29 September 1999, 24(1)
520 _aExamines joint policies of insurance in the light of the case "Amec Civil Engineering Ltd v Cheshire County Council" .
590 _aABS
650 _aJOINT POLICIES
650 _aINSURANCE POLICIES
650 _aAMEC CIVIL ENGINEERING LTD V CHESHIRE CC
650 _aICE CONDITIONS OF CONTRACT (FIFTH EDITION)
650 _aJOINT VENTURE
650 _aBUILT ENVIRONMENT-BUILDING CONTRACT FORMS
690 _aBUILT ENVIRONMENT-BUILDING CONTRACT FORMS
942 _n0
999 _c60181
_d60181